Statistics for Indiens Stater

Click here to take the quiz!

General Stats

  • This quiz has been taken 5 times
  • The average score is 8 of 36

Answers on the Map

Answers color-coded by a green-red scale on the quiz's map according to % correct below.
 

Answer Stats

Stater% Correct
Delhi
100%
Andamanerne og Nicobarerne
20%
Andhra Pradesh
20%
Arunachal Pradesh
20%
Assam
20%
Bihar
20%
Chandigarh
20%
Chhattisgarh
20%
Dadra og Nagar Haveli
og Daman og Diu
20%
Goa
20%
Gujarat
20%
Haryana
20%
Himachal Pradesh
20%
Jammu og Kashmir
20%
Jharkhand
20%
Karnataka
20%
Kerala
20%
Ladakh
20%
Lakshadweep
20%
Madhya Pradesh
20%
Maharashtra
20%
Manipur
20%
Meghalaya
20%
Mizoram
20%
Nagaland
20%
Odisha
20%
Punjab
20%
Rajasthan
20%
Sikkim
20%
Tamil Nadu
20%
Telangana
20%
Tripura
20%
Uttarakhand
20%
Uttar Pradesh
20%
Puducherry
0%
Vestbengalen
0%

Score Distribution

Percentile by Number Answered

Percent of People with Each Score

Your Score History

You have not taken this quiz